LEADER 01071nam a2200265 u 4500 001 000000108469 003 CaOOAMICUS 005 20071127094906.0 008 071127s2007 it u000 u ita u 020 $z978-88-15-11642-0* 040 $aPUL$bita$dLDB 100 1 $aGarelli, Franco,$d1945-$0(OLS)http://pul/name/7116 245 13$aLa Chiesa in Italia /$cFranco Garelli. 260 $aBologna :$bIl Mulino,$c2007. 300 $a134 p. ;$c20 cm. 490 1 $aFarsi un'idea ;$v135 500 $aSulla coperta: Struttura ecclesiale e mondi cattolici. 610 24$aChiesa cattolica$zItalia.$0(OLS)http://pul/subject/26467 830 0$aFarsi un'idea ;$v135.$0(OLS)http://pul/title/101466 850 $aPUL 852 $aPUL$W1$xSL Religione 3$y85$m282. 45 GARFR 1$j123620$qDDC 21$B122557$CPULBib$Z2$F122557 $H105591 $82 941 1 $a9 996 $6020$z978-88-15-11642-0*$9(OLS)http://pul/number/136371 996 $6245$aLa Chiesa in Italia$9(OLS)http://pul/title/136491 996 $6260$aBologna :$bIl Mulino$9(OLS)http://pul/publisher/47928 LEADER 01167nam a2200265 a 4500 001 000000158737 003 CaOOAMICUS 005 20170209155220.0 008 170209s1952 it m 001 u fre r 032 $aLibriCat 040 $aPUL$bita 100 1 $aChang, C.$0(OLS)http://pul/name/101403 245 10$aEssai d'une adaptation des exercices spirituels ā l'âme chinoise /$cC. Chang. 260 $aRomae :$b[s.n.],$c1952. 300 $a31 p. ;$c24 cm. 502 $aEstratto di Tesi -- Pontificia Universitā Gregoriana. Facultas Theologiae. 1952. 504 $aBibliografia in nota a pič pagina. 650 04$aTeologia spirituale.$0(OLS)http://pul/subject/41013 710 2 $aPontificia Universitā Gregoriana.$bFacoltā di teologia.$kTesi.$0(OLS)http://pul/name/81592 850 $aPUL 852 $aPUL$W1$xDP1 Tesi Pon. Univ. Gregoriana$y40$mTH PUG 750$j182049$qTesi$B185231$CPULBib$Z2$F185231 $H15444 $82 941 1 $a16 996 $6245$aEssai d'une adaptation des exercices spirituels ā l'âme chinoise$9(OLS)http://pul/title/198347 996 $6260$aRomae :$b[s.n.]$9(OLS)http://pul/publisher/48223